| 000 | 00408nam a22001697a 4500 | ||
|---|---|---|---|
| 005 | 20160526112906.0 | ||
| 008 | 160526b xxu||||| |||| 00| 0 eng d | ||
| 020 | _a1403-90992-X | ||
| 041 | _aeng | ||
| 082 | _b5178 | ||
| 100 |
_aKaushal, H _91294 |
||
| 245 | _aCast Study Solutions Finance | ||
| 260 |
_aNew Delhi _bAcademic Faundation _c2008 |
||
| 300 | _a237 | ||
| 650 |
_aManagement _9241 |
||
| 942 | _cBK | ||
| 999 |
_c1807 _d1806 |
||